[Event "Hastings Masters"]
[Site "Hastings, England"]
[Date "2015.01.05"
[Round "8.26"]
[White "Willson, Ollie"]
[WhiteElo "1874"]
[Black "Kiefer, Daniel"]
[BlackElo "2255"]
[Result "0-1"]

1. c4 {[%clk 1:40:58]} Nf6 {[%clk 1:40:47]} 2. Nc3 {[%clk 1:41:20]} c5
{[%clk 1:40:52]} 3. e4 {[%clk 1:40:54]} d6 {[%clk 1:39:22]} 4. g3
{[%clk 1:39:56]} Nc6 {[%clk 1:34:11]} 5. Bg2 {[%clk 1:37:58]} g6 {[%clk 1:34:27]}
6. Nge2 {[%clk 1:37:27]} Bg7 {[%clk 1:34:30]} 7. O-O {[%clk 1:37:32]} O-O
{[%clk 1:33:33]} 8. d3 {[%clk 1:36:59]} Ne8 {[%clk 1:32:25]} 9. Be3
{[%clk 1:28:22]} Nd4 {[%clk 1:30:18]} 10. Qd2 {[%clk 1:25:30]} f5
{[%clk 1:18:31]} 11. Bh6 {[%clk 1:13:26]} fxe4 {[%clk 1:06:02]} 12. Nxd4
{[%clk 1:03:17]} cxd4 {[%clk 0:56:14]} 13. Nxe4 {[%clk 1:03:27]} Bd7
{[%clk 0:51:32]} 14. Rfe1 {[%clk 0:47:44]} Rb8 {[%clk 0:40:37]} 15. Bxg7
{[%clk 0:33:43]} Nxg7 {[%clk 0:39:44]} 16. Ng5 {[%clk 0:33:08]} e6
{[%clk 0:38:32]} 17. Re4 {[%clk 0:22:13]} e5 {[%clk 0:26:09]} 18. Rh4
{[%clk 0:18:01]} Nh5 {[%clk 0:25:19]} 19. Be4 {[%clk 0:09:31]} Kg7
{[%clk 0:20:32]} 20. Nxh7 {[%clk 0:06:49]} Rh8 {[%clk 0:15:07]} 21. Ng5
{[%clk 0:07:09]} Qf6 {[%clk 0:15:08]} 22. Bg2 {[%clk 0:06:35]} Bc6
{[%clk 0:12:12]} 23. Ne4 {[%clk 0:05:40]} Qe6 {[%clk 0:11:34]} 24. Qg5
{[%clk 0:05:07]} Nf6 {[%clk 0:08:32]} 25. Qxf6+ {[%clk 0:03:50]} Qxf6
{[%clk 0:09:00]} 26. Nxf6 {[%clk 0:04:13]} Rxh4 {[%clk 0:08:46]} 27. gxh4
{[%clk 0:03:55]} Kxf6 {[%clk 0:08:58]} 28. Bxc6 {[%clk 0:03:04]} bxc6
{[%clk 0:08:42]} 29. Rb1 {[%clk 0:03:16]} Kf5 {[%clk 0:06:26]} 30. Kf1
{[%clk 0:01:44]} e4 {[%clk 0:05:47]} 31. Ke2 {[%clk 0:01:50]} Rh8
{[%clk 0:05:33]} 32. b4 Rxh4 {[%clk 0:05:03]} 33. b5 {[%clk 0:01:18]} c5
{[%clk 0:04:44]} 34. Rh1 {[%clk 0:00:40]} Rh3 {[%clk 0:03:40]} 35. dxe4+
{[%clk 0:00:51]} Kxe4 {[%clk 0:04:08]} 36. Rg1 {[%clk 0:00:49]} Ra3
{[%clk 0:02:35]} 37. Rxg6 {[%clk 0:01:00]} Rxa2+ {[%clk 0:02:53]} 38. Kd1
{[%clk 0:00:51]} Kd3 {[%clk 0:03:05]} 39. Rg3+ {[%clk 0:01:02]} Kxc4
{[%clk 0:03:22]} 40. h4 {[%clk 0:01:00]} Rxf2 {[%clk 0:03:09]} 41. Ra3
{[%clk 0:22:49]} Rf7 {[%clk 0:50:56]} 42. h5 {[%clk 0:18:47]} Kxb5
{[%clk 0:50:40]} 43. h6 {[%clk 0:18:59]} Rf1+ {[%clk 0:50:39]} 0-1

[Event "Hastings Masters"]
[Site "Hastings, England"]
[Date "2015.01.05"
[Round "8.27"]
[White "Ledger, Dave J"]
[WhiteElo "2244"]
[Black "Norinkeviciute, Rasa"]
[BlackElo "2009"]
[Result "1-0"]

1. e4 {[%clk 1:40:54]} c5 {[%clk 1:40:51]} 2. Nf3 {[%clk 1:40:55]} a6
{[%clk 1:38:44]} 3. c4 {[%clk 1:37:23]} d6 {[%clk 1:38:11]} 4. d4
{[%clk 1:34:34]} Nd7 {[%clk 1:34:37]} 5. Nc3 {[%clk 1:31:49]} g6 {[%clk 1:31:52]}
6. Be2 {[%clk 1:18:27]} Bg7 {[%clk 1:31:59]} 7. O-O {[%clk 1:18:27]} cxd4
{[%clk 1:31:15]} 8. Nxd4 {[%clk 1:16:42]} Ngf6 {[%clk 1:30:36]} 9. a4
{[%clk 1:13:30]} b6 {[%clk 1:27:49]} 10. f4 {[%clk 1:00:59]} Bb7 {[%clk 1:25:00]}
11. Bf3 {[%clk 0:58:40]} Qc8 {[%clk 0:57:05]} 12. b3 {[%clk 0:53:36]} O-O
{[%clk 0:55:57]} 13. Nd5 {[%clk 0:37:47]} e6 {[%clk 0:52:10]} 14. Ne7+
{[%clk 0:37:59]} 1-0

[Event "Hastings Masters"]
[Site "Hastings, England"]
[Date "2015.01.05"
[Round "8.28"]
[White "Baterdene, Tsogbayar"]
[WhiteElo "1981"]
[Black "Britton, Richard L"]
[BlackElo "2230"]
[Result "0-1"]

1. e4 {[%clk 1:40:59]} c5 {[%clk 1:39:06]} 2. Nf3 {[%clk 1:40:34]} d6
{[%clk 1:39:31]} 3. d4 {[%clk 1:40:57]} cxd4 {[%clk 1:40:00]} 4. Nxd4
{[%clk 1:41:17]} Nf6 {[%clk 1:40:26]} 5. Nc3 {[%clk 1:41:34]} a6 {[%clk 1:40:52]}
6. Be2 {[%clk 1:40:48]} e5 {[%clk 1:41:18]} 7. Nb3 {[%clk 1:41:11]} Be7
{[%clk 1:41:44]} 8. O-O {[%clk 1:41:25]} O-O {[%clk 1:42:09]} 9. Be3
{[%clk 1:41:30]} Be6 {[%clk 1:42:32]} 10. a4 {[%clk 1:41:49]} Nbd7
{[%clk 1:42:11]} 11. a5 {[%clk 1:40:50]} Rc8 {[%clk 1:40:03]} 12. Qd2
{[%clk 1:41:02]} Qc7 {[%clk 1:39:53]} 13. Rfc1 {[%clk 1:41:21]} Rfd8
{[%clk 1:34:10]} 14. Bf3 {[%clk 1:37:23]} Bc4 {[%clk 1:13:14]} 15. Qe1
{[%clk 1:31:32]} d5 {[%clk 1:05:16]} 16. exd5 {[%clk 1:29:23]} Bb4
{[%clk 1:05:07]} 17. Bd2 {[%clk 1:03:22]} Bxc3 {[%clk 1:02:06]} 18. Bxc3
{[%clk 1:03:35]} Bxd5 {[%clk 1:01:58]} 19. Nd2 {[%clk 1:00:46]} Qc6
{[%clk 0:45:25]} 20. Qe3 {[%clk 0:53:24]} Re8 {[%clk 0:40:11]} 21. Rd1
{[%clk 0:43:02]} h6 {[%clk 0:28:33]} 22. h3 {[%clk 0:37:23]} Re6 {[%clk 0:27:26]}
23. Ra3 {[%clk 0:34:50]} Rce8 {[%clk 0:27:41]} 24. Qe2 {[%clk 0:27:21]} e4
{[%clk 0:24:08]} 25. Bg4 {[%clk 0:26:29]} Nxg4 {[%clk 0:24:31]} 26. hxg4
{[%clk 0:26:03]} e3 {[%clk 0:24:48]} 27. Nf3 {[%clk 0:26:07]} exf2+
{[%clk 0:20:24]} 28. Qxf2 {[%clk 0:26:32]} Re2 {[%clk 0:20:23]} 29. Qd4
{[%clk 0:22:51]} Nf6 {[%clk 0:19:12]} 30. Rf1 {[%clk 0:18:11]} R2e4
{[%clk 0:16:37]} 31. Qf2 {[%clk 0:15:50]} Rxg4 {[%clk 0:15:28]} 32. Bxf6
{[%clk 0:14:37]} Qxf6 {[%clk 0:15:33]} 33. Rc3 {[%clk 0:12:53]} Bc6
{[%clk 0:15:19]} 34. Qd2 {[%clk 0:11:10]} Qg6 {[%clk 0:11:25]} 35. Rf2
{[%clk 0:10:25]} Kh7 {[%clk 0:11:37]} 36. Re3 {[%clk 0:06:59]} Rxe3
{[%clk 0:11:17]} 37. Qxe3 {[%clk 0:07:23]} f6 {[%clk 0:11:43]} 38. Qd2
{[%clk 0:06:02]} Re4 {[%clk 0:03:31]} 39. c3 {[%clk 0:05:10]} Rg4
{[%clk 0:03:16]} 40. b4 {[%clk 0:05:12]} Rg3 {[%clk 0:02:25]} 41. Nd4
{[%clk 0:01:47]} Rd3 {[%clk 0:45:57]} 42. Qe1 {[%clk 0:47:41]} Qg4
{[%clk 0:40:58]} 43. Re2 {[%clk 0:43:42]} Bd5 {[%clk 0:33:34]} 44. Kh2
{[%clk 0:36:17]} f5 {[%clk 0:30:51]} 45. Qf2 {[%clk 0:33:02]} Be4
{[%clk 0:30:55]} 46. Qe1 {[%clk 0:31:00]} Bxg2 {[%clk 0:28:19]} 47. Re3
{[%clk 0:27:08]} Be4 {[%clk 0:27:17]} 48. Rxd3 {[%clk 0:26:03]} Qg2#
{[%clk 4:05:44]} 0-1

[Event "Hastings Masters"]
[Site "Hastings, England"]
[Date "2015.01.05"
[Round "8.29"]
[White "Wettasinha, Vasanta"]
[WhiteElo "1761"]
[Black "Rolvag, Mikael"]
[BlackElo "2191"]
[Result "1/2-1/2"]

1. e4 c5 2. Nf3 Nc6 3. d4 cxd4 4. Nxd4 g6 5. c4 Nf6 6. Nc3 d6 7. Be2 Nxd4 8.
Qxd4 Bg7 9. Bg5 O-O 10. f3 Be6 11. Qd2 Qa5 12. Nd5 Qxd2+ 13. Kxd2 Bxd5 14. cxd5
Rfc8 15. Rac1 Kf8 16. Rxc8+ Rxc8 17. Rc1 Rxc1 18. Kxc1 Ke8 19. Be3 a6 20. a4
Nd7 21. Kc2 Kd8 22. b4 Kc7 23. a5 Be5 24. f4 Bg7 25. g4 h6 26. h4 Ba1 27. Kd3
f6 28. Bd4 Bxd4 29. Kxd4 g5 30. hxg5 hxg5 31. fxg5 fxg5 32. b5 axb5 33. Bxb5
Nc5 34. Be2 Kb8 35. Kc3 Nd7 36. Kd4 Ne5 37. Kc3 Ka7 38. Kb3 b6 39. axb6+ Kxb6
40. Kb4 Nd7 41. Bd1 Ne5 42. Be2 Kc7 43. Kc3 Kd7 44. Bb5+ Kd8 45. Be2 Ke8 46.
Kd4 Kf7 47. Ke3 Kf6 48. Kd4 Nf7 1/2-1/2

[Event "Hastings Masters"]
[Site "Hastings, England"]
[Date "2015.01.05"
[Round "8.30"]
[White "Fryer, David W"]
[WhiteElo "2004"]
[Black "Ternault, Mathieu"]
[BlackElo "2225"]
[Result "1/2-1/2"]

1. e4 e6 2. d3 d5 3. Nd2 Nf6 4. Ngf3 b6 5. c3 c5 6. Qa4+ Bd7 7. Qc2 Nc6 8. g3
Qc7 9. Bg2 Rd8 10. O-O Bc8 11. exd5 Nxd5 12. a3 Be7 13. Re1 O-O 14. Ne4 e5 15.
Qe2 Rfe8 16. Nfg5 Bxg5 17. Nxg5 Nf6 18. Ne4 Nxe4 19. dxe4 Na5 20. Be3 Be6 21.
f4 Bb3 22. fxe5 Nc4 23. Bg5 Qxe5 24. Bxd8 Rxd8 25. Qf2 f6 26. Bf3 Rd2 27. Re2
Rd3 28. Bg2 Bd1 29. Re1 Rd2 30. Qf1 Bb3 31. Re2 Rd6 32. Qf5 a5 33. Rf1 Rd8 34.
Qf2 Bd1 35. Ree1 Bb3 36. Qe2 g6 37. Rf2 a4 38. Bf1 Kg7 39. Bg2 h5 40. Qf3 Nd2
41. Qf4 Nc4 42. Bf1 Nd6 43. Qxe5 fxe5 44. Bg2 Ne8 45. Bf3 Nf6 46. h3 Nh7 47. h4
Nf6 48. Kg2 Rd3 49. Kh3 Rd6 1/2-1/2

[Event "Hastings Masters"]
[Site "Hastings, England"]
[Date "2015.01.05"
[Round "8.31"]
[White "Burrows, Martin P"]
[WhiteElo "2128"]
[Black "Shepley, Julien M"]
[BlackElo "1942"]
[Result "1-0"]

1. e4 d6 2. d4 Nf6 3. Nc3 e5 4. Nf3 Nbd7 5. g4 d5 6. exd5 exd4 7. Nxd4 Nb6 8.
Bb5+ Bd7 9. Qe2+ Qe7 10. Bxd7+ Kxd7 11. Be3 Re8 12. O-O-O Kc8 13. Nc6 Qd7 14.
Nb5 Qxg4 15. Nbxa7+ Kd7 16. Qb5 Qh5 17. Na5+ 1-0

[Event "Hastings Masters"]
[Site "Hastings, England"]
[Date "2015.01.05"
[Round "8.32"]
[White "ter Steeg, Marcus, Dr."]
[WhiteElo "2000"]
[Black "Armstrong, Malcolm J"]
[BlackElo "2086"]
[Result "0-1"]

1. d4 d5 2. c4 c6 3. Nf3 Nf6 4. e3 Bf5 5. Nc3 e6 6. Nh4 Bg6 7. Qb3 Qb6 8. Nxg6
hxg6 9. c5 Qc7 10. Bd2 Nbd7 11. h3 Be7 12. Be2 e5 13. O-O-O b6 14. cxb6 axb6
15. Kb1 O-O 16. Rc1 Qa7 17. Bg4 b5 18. Bxd7 Nxd7 19. dxe5 Nc5 20. Nxb5 cxb5 21.
Qa3 Qxa3 22. bxa3 Nd3 23. Rc7 Bxa3 24. Rd1 Nxf2 25. Rf1 Ne4 26. Bc3 Nxc3+ 27.
Rxc3 Rfc8 28. Rd3 Rc5 29. Rfd1 b4 30. Rxd5 Rxd5 31. Rxd5 Rc8 32. Rd1 Kf8 33. g4
Ke7 0-1

[Event "Hastings Masters"]
[Site "Hastings, England"]
[Date "2015.01.05"
[Round "8.33"]
[White "Wadsworth, Matthew J"]
[WhiteElo "2064"]
[Black "Spanton, Tim R"]
[BlackElo "2002"]
[Result "1-0"]

1. e4 c5 2. Nf3 g6 3. d4 cxd4 4. Nxd4 Nc6 5. c4 Bg7 6. Nc2 d6 7. Be2 Be6 8. O-O
Rc8 9. Ne3 Qc7 10. Nc3 Bxc3 11. bxc3 Ne5 12. f4 Nxc4 13. f5 Nxe3 14. Bxe3 Bc4
15. Bd4 f6 16. Rb1 b5 17. a4 a6 18. Rb4 Nh6 19. Bxc4 bxc4 20. Rb6 O-O 21. Qe2
Ra8 22. Rfb1 Rfb8 23. a5 Nf7 24. h4 gxf5 25. exf5 d5 26. Qe6 Kf8 27. Qxd5 Nd6
28. Bc5 Rxb6 29. Qxa8+ 1-0

[Event "Hastings Masters"]
[Site "Hastings, England"]
[Date "2015.01.05"
[Round "8.34"]
[White "Niccoli, Tony"]
[WhiteElo "1996"]
[Black "Barton, R Alan"]
[BlackElo "2042"]
[Result "1-0"]

1. e4 e6 2. d4 d5 3. Nd2 dxe4 4. Nxe4 Bd7 5. Nf3 Bc6 6. Bd3 Nd7 7. O-O Bxe4 8.
Bxe4 c6 9. c4 Ngf6 10. Bd2 Be7 11. Qe2 O-O 12. Rfe1 Re8 13. Bf4 c5 14. Ne5 cxd4
15. Red1 Qb6 16. Nxd7 Nxd7 17. Qd3 Nf8 18. Be5 f6 19. Bxd4 Bc5 20. Qe3 Bxd4 21.
Qxd4 Qxd4 22. Rxd4 Red8 23. Rad1 Rxd4 24. Rxd4 Rc8 25. b4 Kf7 26. Kf1 Ke7 27.
c5 g6 28. Bc2 f5 29. Ke2 g5 30. h3 Kf6 31. g3 Ke5 32. Kd3 Rc7 33. f4+ gxf4 34.
gxf4+ Kf6 35. Rd6 Rg7 36. Rd8 Ng6 37. Ke3 a6 38. Rd6 Nf8 39. Rd8 Ng6 40. Rd6
Nf8 41. Rb6 Rc7 42. Bd1 a5 43. a3 axb4 44. axb4 Nd7 45. Rd6 Ke7 46. Bb3 Nf8 47.
Ba4 Ng6 48. Bb3 Rc6 49. Rd1 Rc7 50. Ba4 Nf8 51. h4 Rc8 52. h5 Ra8 53. Bb5 Ra3+
54. Rd3 Rxd3+ 55. Bxd3 h6 56. Kd4 Nh7 57. Be2 Nf6 58. Bf3 Kd7 59. b5 Kc8 60.
Ke5 Nd7+ 61. Kxe6 Nxc5+ 62. Kxf5 Nb3 63. Kg6 Nd4 64. Bg4+ Kc7 65. Kxh6 Nxb5 66.
Kg7 Nd6 67. h6 Ne8+ 68. Kf7 Nd6+ 69. Ke6 1-0

[Event "Hastings Masters"]
[Site "Hastings, England"]
[Date "2015.01.05"
[Round "8.35"]
[White "Othman, Mustapha"]
[WhiteElo "1973"]
[Black "Froewis, Annika"]
[BlackElo "2036"]
[Result "1-0"]

1. e4 e5 2. Nf3 Nc6 3. Bc4 Bc5 4. c3 Nf6 5. d4 exd4 6. O-O Nxe4 7. cxd4 Bb6 8.
d5 Ne7 9. Qc2 Nf6 10. Bg5 d6 11. Re1 Kf8 12. Rxe7 Qxe7 13. Nbd2 Bg4 14. Re1 Qd7
15. Qc3 Nh5 16. Re7 Qc8 17. Bb5 f6 18. Re8+ Qxe8 19. Bxe8 Rxe8 20. Be3 Bxe3 21.
fxe3 Re7 22. Kf2 Bxf3 23. Nxf3 f5 24. Nd4 Nf6 25. Qb3 Ng4+ 26. Kg1 Rxe3 27. Qb4
Re4 28. h3 Nf6 29. Ne6+ Ke7 30. Qxb7 Nxd5 31. Nxc7 Nxc7 32. Qxc7+ Ke6 33. Qxg7
Rc8 34. Qh6+ Kd5 35. Qxh7 Rc1+ 36. Kh2 Ke6 37. Qh6+ Ke5 38. Qxc1 d5 39. Qc5 a6
40. Qe7+ Kd4 41. Qf6+ Kd3 42. Qxf5 Kc4 43. Qc8+ 1-0

[Event "Hastings Masters"]
[Site "Hastings, England"]
[Date "2015.01.05"
[Round "8.36"]
[White "Brewer, Callum D"]
[WhiteElo "1793"]
[Black "Low, Zhen Yu Cyrus"]
[BlackElo "2028"]
[Result "0-1"]

1. e4 c5 2. Nc3 Nc6 3. f4 g6 4. Nf3 Bg7 5. Bb5 Nd4 6. O-O Nxb5 7. Nxb5 a6 8.
Nc3 d6 9. d3 e6 10. Be3 Ne7 11. Qe1 Bd7 12. e5 Bc6 13. exd6 Qxd6 14. Ne4 Qc7
15. Ne5 b6 16. Nxc6 Qxc6 17. c3 O-O 18. Rd1 Rad8 19. Ng5 Nd5 20. Nf3 Qa4 21. a3
c4 22. d4 Qc2 23. Rf2 Qf5 24. g3 Rfe8 25. Qd2 Nf6 26. Re2 Qd5 27. Rf1 Ne4 28.
Qc2 Nd6 29. Nd2 b5 30. Bf2 Nf5 31. Rfe1 h5 32. Qe4 Qd6 33. Nf3 Rc8 34. Ne5 Rc7
35. Rd2 Qd5 36. Rde2 Nd6 37. Qxd5 exd5 38. Nf3 Rxe2 39. Rxe2 Kf8 40. Kf1 a5 41.
Be1 f6 42. Re6 Rd7 43. Re2 Kf7 44. Kg2 Bf8 45. Kf1 Rb7 46. Rc2 Nc8 47. Ke2 Nb6
48. Nd2 Bd6 49. Kd1 Rb8 50. Nf3 Na4 51. Kc1 Re8 52. Rf2 Rb8 53. Rc2 Ke6 54. h3
Kf7 55. Rf2 Bf8 56. Rc2 b4 57. axb4 axb4 58. cxb4 Bxb4 59. Bxb4 Rxb4 60. Nd2
Rb8 61. Nxc4 dxc4 62. Rxc4 Nxb2 63. Rc7+ Ke6 64. Rc6+ Kf5 65. g4+ hxg4 66.
hxg4+ Kxg4 67. Rxf6 Nd3+ 68. Kd2 Nxf4 69. Ra6 g5 70. Ra3 Re8 71. Ra1 Kf3 72.
Rg1 Re2+ 73. Kd1 g4 74. Rh1 g3 75. Rh8 g2 76. Rg8 Ra2 0-1

[Event "Hastings Masters"]
[Site "Hastings, England"]
[Date "2015.01.05"
[Round "8.37"]
[White "Fraser, John"]
[WhiteElo "1934"]
[Black "Sikkel, Dirk"]
[BlackElo "2010"]
[Result "1/2 1/2"]

1. e4 g6 2. d4 Bg7 3. Nc3 d6 4. Be3 a6 5. Qd2 b5 6. h4 h5 7. f3 Nf6 8. Nh3 Bxh3
9. gxh3 Nbd7 10. a4 b4 11. Nd1 c5 12. c3 bxc3 13. bxc3 O-O 14. a5 e6 15. Bd3
Nh7 16. Qe2 cxd4 17. Bxd4 Nc5 18. Bxc5 dxc5 19. Bxa6 Qxh4+ 20. Kd2 Bh6+ 21. Kc2
Qf4 22. Bb7 Ra7 23. a6 Rd8 24. Qb5 Qxf3 25. Rf1 Rd2+ 26. Kb3 c4+ 27. Qxc4 Qxh3
28. Nf2 1/2-1/2

[Event "Hastings Masters"]
[Site "Hastings, England"]
[Date "2015.01.05"
[Round "8.38"]
[White "Slade, Theodore"]
[WhiteElo "1869"]
[Black "Wallis, Ian J"]
[BlackElo "2009"]
[Result "1-0"]

1. e4 e5 2. Nf3 Nc6 3. Bb5 a6 4. Ba4 d6 5. O-O Bd7 6. d4 b5 7. Bb3 Nxd4 8. Nxd4
exd4 9. c3 dxc3 10. Nxc3 Nf6 11. f4 Bc6 12. Qe2 Be7 13. e5 Nd7 14. exd6 cxd6
15. Re1 Nf6 16. g4 Ra7 17. g5 Rg8 18. gxf6 gxf6+ 19. Kf1 Qc8 20. Qh5 Rg6 21.
Be3 Bd7 22. Bxa7 Bh3+ 23. Kf2 Bg4 24. Bxf7+ Kxf7 25. Qxh7+ Rg7 26. Rxe7+ 1-0

[Event "Hastings Masters"]
[Site "Hastings, England"]
[Date "2015.01.05"
[Round "8.39"]
[White "Pickersgill, Adrian O"]
[WhiteElo "1994"]
[Black "Ramstad, Havard"]
[BlackElo "2063"]
[Result "1-0"]

1. e4 c6 2. d4 d5 3. exd5 cxd5 4. c4 Nf6 5. Nc3 Nc6 6. Nf3 Bg4 7. cxd5 Nxd5 8.
Qb3 Bxf3 9. gxf3 e6 10. Qxb7 Nxd4 11. Bb5+ Nxb5 12. Qc6+ Ke7 13. Qxb5 Qd7 14.
Nxd5+ Qxd5 15. Qxd5 exd5 16. Be3 Ke6 17. Ke2 Be7 18. Kd3 Rhd8 19. Rhe1 Kf5 20.
Bd4 Bf6 21. Bxf6 Kxf6 22. Rac1 Rac8 23. b3 Rxc1 24. Rxc1 Rd7 25. Kd4 Kf5 26. b4
Rb7 27. a3 a5 28. bxa5 Ke6 29. Rc6+ Kd7 30. Rb6 Ra7 31. a6 Kc8 32. Kxd5 Rd7+
33. Rd6 Re7 34. Rc6+ Kb8 35. Rb6+ Ka8 36. Rb7 Re6 37. Rxf7 Rxa6 38. Rxg7 Rxa3
39. Ke4 Ra4+ 40. Ke5 Rh4 41. Rg2 Kb8 42. f4 Kc8 43. f5 Kd7 44. f4 Ke7 45. Ra2
Rh3 46. f6+ Kf8 47. Ke6 Re3+ 48. Kf5 Rh3 49. Kg5 Kf7 50. f5 Kf8 51. Kg4 Rh6 52.
h4 Rxf6 53. Kg5 Rb6 54. Ra7 Kg8 55. f6 Rc6 56. h5 Rc5+ 57. Kg4 Rc4+ 58. Kf5
Rc5+ 59. Ke6 h6 60. Ra8+ Kh7 61. f7 1-0

[Event "Hastings Masters"]
[Site "Hastings, England"]
[Date "2015.01.05"
[Round "8.40"]
[White "Roggensack, Hans Peter"]
[WhiteElo "2010"]
[Black "Fleming, Andrew S J"]
[BlackElo "1928"]
[Result "1-0"]

1. e4 e6 2. d4 d5 3. Nd2 Nd7 4. Bd3 dxe4 5. Nxe4 Ngf6 6. Nf3 Nxe4 7. Bxe4 Nf6
8. Bd3 Qd5 9. O-O Bd6 10. Qe2 b6 11. Bc4 Qh5 12. Ne5 O-O 13. Qxh5 Nxh5 14. Be2
Nf6 15. Bf3 Ba6 16. Re1 Rad8 17. Nc6 Rd7 18. Nxa7 Nd5 19. Nc6 Re8 20. Bd2 Kf8
21. Rad1 f6 22. Bxd5 exd5 23. Bb4 Be2 24. Rd2 Bb5 25. Bxd6+ Rxd6 26. Rxe8+ Kxe8
27. Nb4 Re6 28. h3 Ke7 29. Nxd5+ Kd6 30. Ne3 g6 31. c4 Ba6 32. b4 Re4 33. b5
Bb7 34. Kf1 f5 35. Nd1 c6 36. Nc3 Re8 37. a4 cxb5 38. Nxb5+ Kd7 39. c5 Kc6 40.
cxb6 Kxb6 41. Nd6 Ba6+ 42. Kg1 Re6 43. Nf7 Re7 44. Ne5 Bb7 45. f4 Bd5 46. Rb2+
Ka6 47. Rb5 Be4 48. d5 Rc7 49. d6 Rc1+ 50. Kf2 Rc2+ 51. Ke3 Rc3+ 52. Kd4 Rc1
53. d7 Rd1+ 54. Ke3 Ka7 55. Rb4 Rd6 56. Rd4 Bd5 57. Nc6+ Kb6 58. d8=Q+ 1-0

[Event "Hastings Masters"]
[Site "Hastings, England"]
[Date "2015.01.05"
[Round "8.41"]
[White "McKenna, John R"]
[WhiteElo "1722"]
[Black "Larsen, Andreas"]
[BlackElo "2010"]
[Result "0-1"]

1. d4 c6 2. Nf3 d5 3. c3 Nd7 4. Bf4 h6 5. h3 Ngf6 6. Nbd2 Nb6 7. Qc2 g6 8. e3
Bf5 9. Bd3 Bxd3 10. Qxd3 Bg7 11. Ne5 Nbd7 12. c4 Nxe5 13. Bxe5 O-O 14. O-O Rc8
15. Rfc1 Qd7 16. Rc3 Rfd8 17. Qc2 Bf8 18. Bxf6 exf6 19. c5 Bg7 20. b4 f5 21. a4
Re8 22. Nf1 f4 23. Qd2 f3 24. Ng3 h5 25. Kh2 Qc7 26. Kg1 Qd7 27. Qd1 fxg2 28.
Kxg2 Re6 29. b5 b6 30. Rac1 cxb5 31. axb5 Qxb5 32. cxb6 Rxc3 33. bxa7 Ra3 34.
Rb1 Qc6 0-1

[Event "Hastings Masters"]
[Site "Hastings, England"]
[Date "2015.01.05"
[Round "8.42"]
[White "Dennis, Nigel W"]
[WhiteElo "1842"]
[Black "Da Ces, Philippe"]
[BlackElo "1978"]
[Result "1/2-1/2"]

1. e4 d5 2. exd5 Qxd5 3. Nc3 Qa5 4. d4 Nf6 5. Nf3 Bf5 6. Bd2 c6 7. Ne4 Qb6 8.
Nxf6+ gxf6 9. b3 e6 10. c4 Bb4 11. Bxb4 Qxb4+ 12. Qd2 Na6 13. Nh4 Bg6 14. Nxg6
hxg6 15. O-O-O Qxd2+ 16. Rxd2 O-O-O 17. Be2 Rh4 18. d5 exd5 19. g3 Rhh8 20.
cxd5 Rxd5 21. Rxd5 cxd5 22. h4 f5 23. Rd1 Nc7 24. Bf3 Rd8 25. Kb2 b6 26. Kc3
Rd6 27. Kd4 Kd7 28. Rc1 Ne6+ 29. Ke3 Rc6 30. Rxc6 Kxc6 31. Be2 Kd6 32. Bb5 Nc7
33. Be2 Ke5 34. f3 Ne6 35. g4 d4+ 36. Kf2 Nf4 37. Bc4 f6 38. b4 fxg4 39. fxg4
Ke4 40. Kg3 d3 41. Bb3 f5 42. Bd1 Ne2+ 43. Kh3 fxg4+ 44. Kxg4 Nc3 45. Bb3 d2
46. Kg5 d1=Q 47. Bxd1 Nxd1 48. Kxg6 Ne3 49. h5 Nf5 50. b5 Ke5 51. Kf7 Nd6+ 52.
Kg6 Nf5 53. Kf7 Nh6+ 54. Kg6 Ng4 55. Kg5 Nf6 56. h6 Ke6 57. Kg6 Nd7 58. Kg7 Nf6
59. Kg6 Ke5 60. Kg5 Ke6 1/2-1/2

[Event "Hastings Masters"]
[Site "Hastings, England"]
[Date "2015.01.05"
[Round "8.43"]
[White "Kyrkjebo, Hanna B."]
[WhiteElo "1831"]
[Black "Boardman, Jeffrey"]
[BlackElo "1999"]
[Result "0-1"]

1. e4 c5 2. Nf3 Nc6 3. Bb5 Nd4 4. Bc4 e6 5. Nc3 Ne7 6. O-O g6 7. d3 a6 8. Nxd4
cxd4 9. Ne2 Nc6 10. f4 d5 11. exd5 exd5 12. Bb3 Be7 13. Ng3 f5 14. Re1 Na5 15.
Qe2 Nxb3 16. axb3 Kf7 17. Bd2 Re8 18. Qf2 Qc7 19. c3 Bd7 20. Kh1 Bf6 21. Ne2
Qb6 22. b4 Bb5 23. Qf3 Rad8 24. Rad1 dxc3 25. bxc3 Bc6 26. Qh3 Qf2 27. Ng1 Rxe1
28. Bxe1 Qc2 29. Rd2 Qxc3 30. Re2 Qa1 31. Qxh7+ Bg7 32. Nf3 Re8 33. Ne5+ Rxe5
34. fxe5 Bd7 35. h3 Qd1 36. Re3 d4 37. Rg3 Qxe1+ 38. Kh2 Qxe5 39. Qxg6+ Kf8 40.
h4 Qf6 41. Qh5 Be8 42. Qh7 b6 43. Rg5 Bd7 44. Rg6 Qe5+ 45. g3 f4 46. g4 Qe2+
47. Kg1 Qe1+ 48. Kg2 Qg3+ 49. Kf1 Qxd3+ 50. Ke1 Qe3+ 51. Kf1 Bb5+ 52. Kg2 f3+
53. Kh1 Qe1+ 54. Kh2 Be5+ 55. Kh3 Bf1# 0-1

[Event "Hastings Masters"]
[Site "Hastings, England"]
[Date "2015.01.05"
[Round "8.44"]
[White "Stonehouse, Tom H"]
[WhiteElo "1798"]
[Black "Akshay V Halagannavar"]
[BlackElo "1881"]
[Result "0-1"]

1. e4 c5 2. Nf3 Nc6 3. d4 cxd4 4. Nxd4 Nf6 5. Nc3 e5 6. Ndb5 d6 7. Bg5 a6 8.
Bxf6 gxf6 9. Na3 b5 10. Nd5 f5 11. Bd3 Be6 12. Ne3 f4 13. Nd5 Bg7 14. c3 O-O
15. Qh5 f5 16. f3 Bxd5 17. exd5 Ne7 18. c4 Qa5+ 19. Ke2 Rae8 20. cxb5 e4 21.
fxe4 fxe4 22. Bxe4 Nf5 23. Nc4 Rxe4+ 24. Kf3 Rxc4 0-1

[Event "Hastings Masters"]
[Site "Hastings, England"]
[Date "2015.01.05"
[Round "8.45"]
[White "Higgs, Joshua"]
[WhiteElo "1863"]
[Black "French, Max"]
[BlackElo "1763"]
[Result "1/2-1/2"]

1. e4 c6 2. c4 d5 3. exd5 cxd5 4. cxd5 Nf6 5. Nc3 Nxd5 6. Nf3 Nc6 7. Bb5 e6 8.
O-O Be7 9. d4 O-O 10. Re1 a6 11. Bd3 Nf6 12. Be3 b5 13. Rc1 Bb7 14. Ne4 Nxe4
15. Bxe4 Na5 16. Bxb7 Nxb7 17. Bf4 Rc8 18. Qb3 Na5 19. Rxc8 Qxc8 20. Qd3 Qd7
21. Qc3 Nc4 22. b3 Nb6 23. Ne5 Qb7 24. Rc1 Nd5 25. Qf3 Rc8 26. h3 Rxc1+ 27.
Bxc1 Bf6 28. Qe4 Qe7 29. Bd2 g6 30. Ng4 Bg7 31. g3 Qa7 32. Be3 h5 33. Ne5 Qc7
34. Bd2 b4 35. Qe1 Qb6 36. Nc4 Qb5 37. Be3 Nc3 38. Qd2 a5 1/2-1/2

[Event "Hastings Masters"]
[Site "Hastings, England"]
[Date "2015.01.05"
[Round "8.46"]
[White "Evans, Helen I"]
[WhiteElo "1621"]
[Black "Kyrkjebo, Marte B."]
[BlackElo "1598"]
[Result "0-1"]

1. e4 e5 2. Nf3 Nc6 3. Nc3 Nf6 4. d4 exd4 5. Nxd4 Bb4 6. Nxc6 bxc6 7. Bd3 O-O
8. O-O d5 9. exd5 cxd5 10. h3 c6 11. Qf3 Bd6 12. Bf4 Bxf4 13. Qxf4 Be6 14. Ne2
c5 15. c4 d4 16. Qf3 Rb8 17. b3 Qd6 18. Qf4 Qc6 19. Qh4 Bc8 20. Nf4 h6 21. Qg3
Bb7 22. Rfe1 Rfe8 23. Bc2 Rbd8 24. Qd3 Qd6 25. Qd2 Ne4 26. Qc1 Nc3 27. Bd3
Rxe1+ 28. Qxe1 Qxf4 29. Qe7 Rb8 30. Re1 g6 31. Re5 Nd1 32. f3 Bxf3 33. Qc7 Rf8
34. gxf3 Qg3+ 35. Kh1 Nf2# 0-1

[Event "Hastings Masters"]
[Site "Hastings, England"]
[Date "2015.01.05"
[Round "8.47"]
[White "Macrae, James S"]
[WhiteElo "1723"]
[Black "Dean, Michael J"]
[BlackElo "1574"]
[Result "1/2-1/2"]

1. d4 Nf6 2. Nf3 e6 3. Bg5 d5 4. e3 Nbd7 5. Bd3 Bb4+ 6. c3 Ba5 7. Nbd2 c6 8. h3
O-O 9. O-O Bc7 10. Qe2 h6 11. Bh4 Re8 12. b4 e5 13. dxe5 Nxe5 14. Nxe5 Bxe5 15.
Rac1 Be6 16. Nf3 Bc7 17. Nd4 Qe7 18. Qf3 Bd8 19. Rfe1 Qd7 20. a4 Ne4 21. Bxd8
Raxd8 22. Nxe6 Qxe6 23. Bxe4 dxe4 24. Qe2 Rd6 25. Rcd1 Red8 26. Rxd6 Qxd6
1/2-1/2

[Event "Hastings Masters"]
[Site "Hastings, England"]
[Date "2015.01.05"
[Round "8.48"]
[White "Haegin, Thomas"]
[WhiteElo "1460"]
[Black "Pooley, Mark C"]
[BlackElo "1686"]
[Result "1/2-1/2"]

1. e4 b6 2. d4 Bb7 3. Bd3 e6 4. Nf3 Nf6 5. Nc3 Bb4 6. O-O Bxc3 7. bxc3 Nxe4 8.
Re1 Nxc3 9. Qd2 Nd5 10. c4 Nf6 11. Ba3 d6 12. Rac1 Nbd7 13. Qc3 c5 14. d5 e5
15. Rc2 O-O 16. Ng5 Re8 17. Bc1 Nf8 18. Rce2 Ng6 19. Bxg6 hxg6 20. Qh3 Bc8 21.
Qh4 Kf8 22. h3 Ke7 23. Nh7 Kd7 24. Bg5 Kc7 25. f4 Rh8 26. fxe5 Rxh7 27. exf6
Rxh4 28. fxg7 Qg8 29. Re8 Qxg7 30. R1e7+ Kb8 31. Bxh4 Qd4+ 32. Bf2 Qf6 33. Rd7
g5 34. Bg3 Qd4+ 35. Kh2 Qf6 36. Bxd6+ Qxd6+ 37. Rxd6 Kc7 38. Rh6 Kd7 39. Reh8
Bb7 40. R8h7 Rf8 41. Rg7 Ba6 42. Rxg5 Bxc4 43. a3 Bd3 44. Rf6 1/2-1/2